| 000 | 00646cam a2200253 4500 | ||
|---|---|---|---|
| 008 | 090401t1988 xxu||||| |||| 00| 0 eng d | ||
| 020 | _a0420448403 | ||
| 035 | _a(Sirsi) u29898 | ||
| 041 | _aeng | ||
| 050 | _a346.4104344 | ||
| 100 |
_aMegarry, Robert _cSir |
||
| 245 | 4 | _aThe rent acts | |
| 250 | _a11th ed. | ||
| 260 |
_aLondon _bStevens and Sons Limited _c1988 |
||
| 300 | _a3v. ; 25cm. | ||
| 350 | _a185 | ||
| 650 | _aASSURED TENANCIES | ||
| 650 | _aHOUSING ACT 1988 | ||
| 650 | _aLAW | ||
| 650 | _aRENT | ||
| 700 |
_aColyer,John Stuart ; Megarry,Robert,Sir & Briffett,Janet., _xEditor |
||
| 942 | _n0 | ||
| 948 | _c04/03/1997 | ||
| 999 |
_c89466 _d89466 |
||